| 000 | 00564nam a22001697a 4500 | ||
|---|---|---|---|
| 005 | 20251108164301.0 | ||
| 008 | 250721s1989 xx 000 0 ara d | ||
| 082 | 1 | 4 | _a629.133/قاس |
| 100 | 1 | _aجعفر، قاسم محمد | |
| 245 | 1 | 0 |
_aالطائرات القتالية في المنطقة العربية : _bالمقاتلات و القاذفات / |
| 250 | _aط2. | ||
| 264 | 1 |
_aبيروت : _bالمؤسسة العربية للدراسات و النشر، _c1989. |
|
| 300 | _a416ص | ||
| 650 | 1 | 7 | _aالطائرات |
| 942 |
_2ddc _cBK |
||
| 999 |
_c8343 _d8343 |
||